FAO food and nutrition series N.29 Human nutrition in the developing world

This book provides sound science-based information on food, nutrients, the cause of malnutrition, nutrition disorders and their prevention. The information can be used by workers in the field and disseminated to assit the public in marking informed food choices and appropriate decisions about diet....

ver descrição completa

Na minha lista:
Detalhes bibliográficos
Autor principal: Michael C Latham
Formato: Livro
Idioma:Undetermined
Publicado em: Rome FAO 1997
Assuntos:
Tags: Adicionar Tag
Sem tags, seja o primeiro a adicionar uma tag!
Thư viện lưu trữ: Trung tâm Học liệu Trường Đại học Cần Thơ
LEADER 00980nam a2200205Ia 4500
001 CTU_22174
008 210402s9999 xx 000 0 und d
082 |a 640 
082 |b F218s/N29 
100 |a Michael C Latham 
245 0 |a FAO food and nutrition series N.29 
245 0 |b Human nutrition in the developing world 
245 0 |c Michael C Latham, FAO 
260 |a Rome 
260 |b FAO 
260 |c 1997 
520 |a This book provides sound science-based information on food, nutrients, the cause of malnutrition, nutrition disorders and their prevention. The information can be used by workers in the field and disseminated to assit the public in marking informed food choices and appropriate decisions about diet. The publication will be especially useful for those working rural populations. 
650 |a developing counties,food supply,human nutrition 
904 |i Nguyễn Quang Điền, 980325 
980 |a Trung tâm Học liệu Trường Đại học Cần Thơ